Policajti zo Spiša sú najlepší v objasňovaní lúpeží

Bibliographic Details
Format: Article
Language:Slovak
PhysicalDescription:Fotogr.
ISSN:1335-759X
Subjects:

MARC

LEADER 00000nab a2200000 ar4500
001 vtls008947138
003 SK-MaSNL
005 20260305040311.0
008 170922c20060125xo mr|p|||||||000 b|slo
038 |a SNSK 
040 |b slo  |c SNSK  |e AACR2 
041 |a slo 
044 |a xo  |c SK 
080 |a 351.74 (437.678)  |2 2001 
080 |a 343.34  |2 2001 
080 |a 311.314  |x "2005"  |2 2001 
245 0 0 |a Policajti zo Spiša sú najlepší v objasňovaní lúpeží  |c [autor](kar) 
300 |b Fotogr. 
648 7 |a 2005  |2 snsk  |9 305506 
650 0 7 |a polícia  |2 snsk  |9 1673 
650 0 7 |a trestné činy  |2 snsk  |9 2181 
650 0 7 |a štatistika  |2 snsk  |9 778 
651 7 |a Spišská Nová Ves (Slovensko)  |2 snsk  |9 28800 
651 7 |a Spišská Nová Ves (Slovensko : okres)  |2 snsk  |9 22259 
651 7 |a Gelnica (Slovensko : okres)  |2 snsk  |9 168677 
773 0 |t Spišský denník Korzár  |g Roč. VIII., č. 20 (25.1.2006), s. 1.  |x 1335-759X 
852 |a SNSK  |b KIS3GCP 
999 |c 3337739  |d 3339669